000 nam a22 7a 4500
999 _c10264
_d10264
008 180213b ||||| |||| 00| 0 eng d
100 _aChandra, R
_96247
245 _aMathematics for class- VI
260 _aNew Delhi
_bArya Publication
_c2012